Plant microtechnique and microscopy (Record no. 7226)

MARC details
000 -LEADER
fixed length control field 01177pam a2200289 a 4500
001 - CONTROL NUMBER
control field 4035335
003 - CONTROL NUMBER IDENTIFIER
control field OSt
005 - DATE AND TIME OF LATEST TRANSACTION
control field 20210910131157.0
008 - FIXED-LENGTH DATA ELEMENTS--GENERAL INFORMATION
fixed length control field 980916s1999 nyua b 001 0 eng
010 ## - LIBRARY OF CONGRESS CONTROL NUMBER
LC control number 98040910
020 ## - INTERNATIONAL STANDARD BOOK NUMBER
International Standard Book Number 0195089561 (pbk. : alk. paper)
040 ## - CATALOGING SOURCE
Original cataloging agency DLC
Transcribing agency DDC
Modifying agency DLC
050 00 - LIBRARY OF CONGRESS CALL NUMBER
Classification number QK673
Item number .R89 1999
082 00 - DEWEY DECIMAL CLASSIFICATION NUMBER
Classification number 58.28RUZ1999
100 1# - MAIN ENTRY--PERSONAL NAME
Personal name Ruzin, Steven E.,
Dates associated with a name 1951-
9 (RLIN) 14850
245 10 - TITLE STATEMENT
Title Plant microtechnique and microscopy
Statement of responsibility, etc. Edited by Ruzin,Steven E.
260 ## - PUBLICATION, DISTRIBUTION, ETC. (IMPRINT)
Place of publication, distribution, etc. New York :
Name of publisher, distributor, etc. Oxford University Press,
Date of publication, distribution, etc. 1999.
300 ## - PHYSICAL DESCRIPTION
Extent xi,322p;
Other physical details ill;
Dimensions 28cm
504 ## - BIBLIOGRAPHY, ETC. NOTE
Bibliography, etc Includes; bibliographical references (p. 289-306) and index.
650 #0 - SUBJECT ADDED ENTRY--TOPICAL TERM
Topical term or geographic name as entry element Biology
9 (RLIN) 5602
856 42 - ELECTRONIC LOCATION AND ACCESS
Materials specified Publisher description
Uniform Resource Identifier <a href="http://www.loc.gov/catdir/enhancements/fy0603/98040910-d.html">http://www.loc.gov/catdir/enhancements/fy0603/98040910-d.html</a>
856 41 - ELECTRONIC LOCATION AND ACCESS
Materials specified Table of contents only
Uniform Resource Identifier <a href="http://www.loc.gov/catdir/enhancements/fy0603/98040910-t.html">http://www.loc.gov/catdir/enhancements/fy0603/98040910-t.html</a>
906 ## - LOCAL DATA ELEMENT F, LDF (RLIN)
a 7
b cbc
c orignew
d 1
e ocip
f 19
g y-gencatlg
942 ## - ADDED ENTRY ELEMENTS (KOHA)
Source of classification or shelving scheme Dewey Decimal Classification
Koha item type Open Shelf
Holdings
Withdrawn status Lost status Source of classification or shelving scheme Damaged status Not for loan Home library Current library Date acquired Source of acquisition Inventory number Total Checkouts Full call number Barcode Date last seen Price effective from Koha item type
    Dewey Decimal Classification     MUST Main Library MUST Main Library 10/09/2021 Donation 03/20461   58.28RUZ1999 2021-1115 10/09/2021 10/09/2021 Open Shelf